| 000 | 00467nam a2200157Ia 4500 | ||
|---|---|---|---|
| 008 | 170221s9999 xx 000 0 und d | ||
| 100 | _aWeiwu Zhang Alan Abitbol | ||
| 245 | 4 | _aThe Role of Public Relations in Social Capital | |
| 245 | _cWeiwu Zhang Alan Abitbol | ||
| 260 | _bOnline Journal of Communication and Media Technologies | ||
| 260 | _c2015 | ||
| 300 | _a35 : 6 | ||
| 650 | _xCommunication | ||
| 650 | _xMedia Arts | ||
| 856 | _uhttp://www.ojcmt.net/ | ||
| 999 |
_c310710 _d310710 |
||